Frédéric Mistral (Record no. 141674)

MARC details
000 -LEADER
campo de control de longitud fija 00588nam a2200181 i 4500
001 - NÚMERO DE CONTROL
campo de control 141674
003 - IDENTIFICADOR DE NÚMERO DE CONTROL
campo de control ES-MaACL
005 - FECHA Y HORA DE LA ÚLTIMA TRANSACCIÓN
campo de control 20250717062048.0
007 - CAMPO FIJO DE DESCRIPCIÓN FÍSICA--INFORMACIÓN GENERAL
campo de control de longitud fija t|
008 - DATOS DE LONGITUD FIJA--INFORMACIÓN GENERAL
campo de control de longitud fija 070926s1918 fr ||||1| fre d
100 1# - ENTRADA PRINCIPAL--NOMBRE DE PERSONA
Nombre de persona Vincent, José.
9 (RLIN) 115311
245 10 - MENCIÓN DEL TÍTULO
Título Frédéric Mistral
Resto del título : sa vie, son influence, son action et son art /
Mención de responsabilidad, etc. José Vincent.
260 ## - PUBLICACIÓN, DISTRIBUCIÓN, ETC.
Lugar de publicación, distribución, etc. Paris :
Nombre del editor, distribuidor, etc. G. Beauchesne,
Fecha de publicación, distribución, etc. 1918 (
Lugar de fabricación/manufactura Vannes :
Fabricante Lafolye frères)
300 ## - DESCRIPCIÓN FÍSICA
Extensión 321 p. :
Otras características físicas il. ;
Dimensiones 19 cm.
600 14 - PUNTO DE ACCESO ADICIONAL DE MATERIA--NOMBRE DE PERSONA
Nombre de persona Mistral, Frédéric,
Fechas asociadas al nombre 1830-1914
9 (RLIN) 81664
852 ## - LOCALIZACIÓN
Ubicación ES-MaACL
Número de control de estantería F-5602
Holdings
Estatus retirado Estado de pérdida Estado de daño No para préstamo Biblioteca de origen Biblioteca actual Ubicación en estantería Fecha de adquisición Fuente de adquisición Total de préstamos Signatura topográfica completa Código de barras Visto por última vez Precio de reemplazo Tipo de ítem Koha
        Biblioteca del Ateneo de Madrid Biblioteca del Ateneo de Madrid Depósito 2 17/01/2008     F-5602 1147412 23/02/2023 23/02/2023 Libro impreso